| 000 | 00586nam a2200181 4500 | ||
|---|---|---|---|
| 001 | 112863 | ||
| 003 | ES-MaACL | ||
| 007 | t| | ||
| 008 | 061121s1971 mx r ||||1| spa d | ||
| 100 | 1 |
_aMurray, I. Mackay. _984638 |
|
| 245 | 1 | 0 |
_aAnatomía humana simplificada / _cMackay I. Murray ; ilustrado por Eva Cellini ; traducción por Raúl Delgado y Garnica. |
| 250 | _a[1ª ed.]. | ||
| 260 |
_aMéxico : _bCogesa, _c1971. |
||
| 300 |
_a179 p. : _bil ; _c27 cm. |
||
| 700 | 1 |
_aCellini, Eva. _937370 |
|
| 700 | 1 |
_aDelgado y Garnica, Raúl. _943496 |
|
| 852 |
_aES-MaACL _jE-9082 _bR.93512 |
||
| 999 |
_c112863 _d112863 |
||